Salvador F. Bernal : (Record no. 5699)

MARC details
000 -LEADER
fixed length control field 00957cam a22002777a 4500
001 - CONTROL NUMBER
control field 15381066
003 - CONTROL NUMBER IDENTIFIER
control field OSt
005 - DATE AND TIME OF LATEST TRANSACTION
control field 20260319095425.0
008 - FIXED-LENGTH DATA ELEMENTS--GENERAL INFORMATION
fixed length control field 080725s2007 ph a b f001 0 eng
010 ## - LIBRARY OF CONGRESS CONTROL NUMBER
LC control number 2008337387
020 ## - INTERNATIONAL STANDARD BOOK NUMBER
International Standard Book Number 9789718141038
035 ## - SYSTEM CONTROL NUMBER
System control number 15381066
040 ## - CATALOGING SOURCE
Original cataloging agency DLC
Transcribing agency Foundation University
Modifying agency DLC
-- FULib
Language of cataloging eng
Description conventions rda
042 ## - AUTHENTICATION CODE
Authentication code lcode
050 00 - LIBRARY OF CONGRESS CALL NUMBER
Classification number NK 1700
Item number .2007 B47
100 1# - MAIN ENTRY--PERSONAL NAME
Personal name Tiongson, Nicanor G.
9 (RLIN) 15387
245 10 - TITLE STATEMENT
Title Salvador F. Bernal :
Remainder of title designing the stage /
Statement of responsibility, etc. Nicanor G. Tiongson.
260 ## - PUBLICATION, DISTRIBUTION, ETC.
Place of publication, distribution, etc. [Manila] :
Name of publisher, distributor, etc. National Commission for Culture and the Arts,
Date of publication, distribution, etc. 2007.
264 ## - PRODUCTION, PUBLICATION, DISTRIBUTION, MANUFACTURE, AND COPYRIGHT NOTICE
Copyright Date 2007.
300 ## - PHYSICAL DESCRIPTION
Extent 285 pages :
Other physical details illustrations (chiefly color) ;
Dimensions 32 cm.
Materials specified resource
Type of unit volume
336 ## - CONTENT TYPE
Content type term text
Content type code txt
Source rdacontent
337 ## - MEDIA TYPE
Media type term unmediated
Media type code n
Source rdamedia
338 ## - CARRIER TYPE
Carrier type term volume
Carrier type code nc
Source rdacarrier
Materials specified resource
504 ## - BIBLIOGRAPHY, ETC. NOTE
Bibliography, etc. note Includes bibliographical references and index.
942 ## - ADDED ENTRY ELEMENTS (KOHA)
Source of classification or shelving scheme Library of Congress Classification
Koha item type Books
Classification part NK 1700
Item part .2007 B47
Call number prefix (DAFA-FA)
Holdings
Withdrawn status Lost status Source of classification or shelving scheme Damaged status Not for loan Collection code Home library Current library Shelving location Date acquired Source of acquisition Total Checkouts Full call number Barcode Date last seen Price effective from Koha item type Accession Number
    Library of Congress Classification     Non-fiction Foundation University Library Foundation University Library DoArchitecture & Fine Arts 03/19/2026 Donated by Bellas Artes Projects   (DAFA-FA) NK 1700 .2007 B47 0192026003262 03/19/2026 03/19/2026 Books DAFA-2026262